Advanced level practical physics / (Record no. 8219)
[ view plain ]
| 000 -LEADER | |
|---|---|
| fixed length control field | 00682nam a22002652 4500 |
| 001 - CONTROL NUMBER | |
| JCCL Control Number | 8219 |
| 003 - CONTROL NUMBER IDENTIFIER | |
| JCCL marc code | UkOxU |
| 005 - DATE AND TIME OF LATEST TRANSACTION | |
| control field | 20180219131700.0 |
| 008 - FIXED-LENGTH DATA ELEMENTS--GENERAL INFORMATION | |
| fixed length control field | 800421s1978 enka 000 0 eng d |
| 020 ## - INTERNATIONAL STANDARD BOOK NUMBER | |
| International Standard Book Number | 0435686550 |
| 035 ## - SYSTEM CONTROL NUMBER | |
| system control number | (BD-JhCC)8219 |
| 040 ## - CATALOGING SOURCE | |
| Original cataloging agency | YGM |
| Transcribing agency | YGM |
| Modifying agency | EQO |
| 041 ## - LANGUAGE CODE | |
| Language code of Book | eng |
| 082 ## - DEWEY DECIMAL CLASSIFICATION NUMBER | |
| Author mark and Year | NEL 1978 |
| 090 ## - LOCALLY ASSIGNED LC-TYPE CALL NUMBER (OCLC); LOCAL CALL NUMBER (OCLC) | |
| Classification number (OCLC) (R) ; Classification number, CALL (RLIN) (NR) | QC21 |
| Local cutter number (OCLC) ; Book number/undivided call number, CALL (RLIN) | .N39 1978 |
| 100 1# - MAIN ENTRY--PERSONAL NAME | |
| Personal name | Nelkon, Michael. |
| 245 10 - TITLE STATEMENT | |
| Title | Advanced level practical physics / |
| Statement of responsibility, etc | by M. Nelkon and J. M. Ogborn. |
| 250 ## - EDITION STATEMENT | |
| Edition statement | 4th ed. |
| 260 ## - PUBLICATION, DISTRIBUTION, ETC. (IMPRINT) | |
| Place of publication, distribution, etc | London : |
| Name of publisher, distributor, etc | Heinemann Educational Books, |
| Date of publication, distribution, etc | 1978. |
| 300 ## - PHYSICAL DESCRIPTION | |
| Pagination | ix, 244 p. : |
| Other physical details | ill. ; |
| Dimensions | 25 cm. |
| 650 #0 - SUBJECT ADDED ENTRY--TOPICAL TERM | |
| Topical term or geographic name as entry element | Physics. |
| 700 1# - ADDED ENTRY--PERSONAL NAME | |
| Personal name | Ogborn, Jon. |
| 942 ## - ADDED ENTRY ELEMENTS (KOHA) | |
| Source of classification or shelving scheme | Dewey Decimal Classification |
| Koha item type | Books |
| Source of classification or shelving scheme | Damaged status | Not for loan | Home library | Current library | Shelving location | Source of acquisition | Total Checkouts | Full call number | Barcode | Date last seen | Copy number | Koha item type |
|---|---|---|---|---|---|---|---|---|---|---|---|---|
| Dewey Decimal Classification | JCC Rouf Library | JCC Rouf Library | General Stacks | Md.Nasser shahrear Zahedee | 530 NEL 1978 | 10753 | 02/19/2018 | C - 1 | Books | |||
| Dewey Decimal Classification | JCC Rouf Library | JCC Rouf Library | General Stacks | Md.Nasser shahrear Zahedee | 530 NEL 1978 | 10754 | 02/19/2018 | C-2 | Books |